Bring out the genius in your child: fun activities to stretch young minds from 0-11 years / (Record no. 892)
| 000 -LEADER | |
|---|---|
| fixed length control field | 00837nam a2200241 a 4500 |
| 001 - CONTROL NUMBER | |
| control field | 717997 |
| 003 - CONTROL NUMBER IDENTIFIER | |
| control field | OSt |
| 005 - DATE AND TIME OF LATEST TRANSACTION | |
| control field | 20140116120841.0 |
| 008 - FIXED-LENGTH DATA ELEMENTS--GENERAL INFORMATION | |
| fixed length control field | 970715s1997 enka 001 0 eng |
| 020 ## - INTERNATIONAL STANDARD BOOK NUMBER | |
| International Standard Book Number | 9780600614357 |
| 050 00 - LIBRARY OF CONGRESS CALL NUMBER | |
| Classification number | LB1115.A33 2006 |
| 100 1# - MAIN ENTRY--PERSONAL NAME | |
| Personal name | Adams, Ken. |
| 245 10 - TITLE STATEMENT | |
| Title | Bring out the genius in your child: fun activities to stretch young minds from 0-11 years / |
| Statement of responsibility, etc | Ken Adams ; [illustrations by Reuben Barnham and Ken Adams]. |
| 260 ## - PUBLICATION, DISTRIBUTION, ETC. (IMPRINT) | |
| Place of publication, distribution, etc | London : |
| Name of publisher, distributor, etc | Hamlyn, |
| Date of publication, distribution, etc | 2006. |
| 300 ## - PHYSICAL DESCRIPTION | |
| Extent | 144 p. : |
| Other physical details | ill. |
| 500 ## - GENERAL NOTE | |
| General note | Includes index. |
| 650 #0 - SUBJECT ADDED ENTRY--TOPICAL TERM | |
| Topical term or geographic name as entry element | Child development. |
| 650 #0 - SUBJECT ADDED ENTRY--TOPICAL TERM | |
| Topical term or geographic name as entry element | Learning. |
| 650 #0 - SUBJECT ADDED ENTRY--TOPICAL TERM | |
| Topical term or geographic name as entry element | Activity programs in education. |
| 650 #0 - SUBJECT ADDED ENTRY--TOPICAL TERM | |
| Topical term or geographic name as entry element | Education |
| General subdivision | Parent participation. |
| 942 ## - ADDED ENTRY ELEMENTS (KOHA) | |
| Source of classification or shelving scheme | |
| Koha item type | Book |
| Withdrawn status | Lost status | Source of classification or shelving scheme | Damaged status | Not for loan | Home library | Current library | Date acquired | Source of acquisition | Cost, normal purchase price | Total Checkouts | Full call number | Barcode | Date last seen | Copy number | Price effective from | Koha item type | Total Renewals | Date checked out |
|---|---|---|---|---|---|---|---|---|---|---|---|---|---|---|---|---|---|---|
| Riara University Library | Riara University Library | 14/03/2012 | Purchase | 1500.00 | LB1115.A33 2006 | 3293/11 | 14/03/2012 | C.1 | 14/03/2012 | Book | ||||||||
| Riara University Library | Riara University Library | 14/03/2012 | Purchase | 1500.00 | 3 | LB1115.A33 2006 | 3292/11 | 27/01/2015 | C.2 | 14/03/2012 | Book | 1 | 11/12/2014 | |||||
| Riara University Library | Riara University Library | 14/03/2012 | Purchase | 1500.00 | 4 | LB1115.A33 2006 | 3291/12 | 26/02/2024 | C.3 | 14/03/2012 | Book | 1 | 23/02/2024 |
